logo

Bir Sreshtho Munshi Abdur Rouf Library
Jhenaidah Cadet College

The Ox-Bow incident / (Record no. 7091)

MARC details
000 -LEADER
fixed length control field 01106nam a2200313 a 4500
001 - CONTROL NUMBER
JCCL Control Number 7091
003 - CONTROL NUMBER IDENTIFIER
JCCL marc code BD-JhCC
005 - DATE AND TIME OF LATEST TRANSACTION
control field 20180204190039.0
008 - FIXED-LENGTH DATA ELEMENTS--GENERAL INFORMATION
fixed length control field 180204s2001 nyu 000 1 eng d
020 ## - INTERNATIONAL STANDARD BOOK NUMBER
International Standard Book Number 0375757023 (acidfree paper)
035 ## - SYSTEM CONTROL NUMBER
system control number (BD-JhCC)7091
040 ## - CATALOGING SOURCE
Original cataloging agency BD-JhCC
Transcribing agency DLC
Modifying agency BD-JhCC
041 ## - LANGUAGE CODE
Language code of Book eng
050 00 - LIBRARY OF CONGRESS CALL NUMBER
Classification number PS3505.L376
Item number O9 2001
082 00 - DEWEY DECIMAL CLASSIFICATION NUMBER
Classification number 813/.52
DDC Edition number 21
Author mark and Year CLA 1940
100 1# - MAIN ENTRY--PERSONAL NAME
Personal name Clark, Walter Van Tilburg,
Dates associated with a name 1909-1971.
245 14 - TITLE STATEMENT
Title The Ox-Bow incident /
Statement of responsibility, etc Walter Van Tilburg Clark ; introduction by Wallace Stegner.
260 ## - PUBLICATION, DISTRIBUTION, ETC. (IMPRINT)
Place of publication, distribution, etc New York :
Name of publisher, distributor, etc Modern Library,
Date of publication, distribution, etc 2001.
300 ## - PHYSICAL DESCRIPTION
Pagination xix, 310 p. ;
Dimensions 21 cm.
650 #0 - SUBJECT ADDED ENTRY--TOPICAL TERM
Topical term or geographic name as entry element Lynching
Form subdivision Fiction.
650 #0 - SUBJECT ADDED ENTRY--TOPICAL TERM
Topical term or geographic name as entry element Mobs
Form subdivision Fiction.
651 #0 - SUBJECT ADDED ENTRY--GEOGRAPHIC NAME
Geographic name Nevada
Form subdivision Fiction.
655 #7 -
Genre/form data or focus term Western stories.
Source of term gsafd
856 42 - ELECTRONIC LOCATION AND ACCESS
Materials specified Contributor biographical information
Uniform Resource Identifier http://www.loc.gov/catdir/bios/random052/00064584.html
856 41 - ELECTRONIC LOCATION AND ACCESS
Materials specified Sample text
Uniform Resource Identifier http://www.loc.gov/catdir/samples/random045/00064584.html
856 42 - ELECTRONIC LOCATION AND ACCESS
Materials specified Publisher description
Uniform Resource Identifier http://www.loc.gov/catdir/description/random0414/00064584.html
942 ## - ADDED ENTRY ELEMENTS (KOHA)
Source of classification or shelving scheme Dewey Decimal Classification
Koha item type Books
Holdings
Source of classification or shelving scheme Damaged status Not for loan Home library Current library Shelving location Total Checkouts Full call number Barcode Date last seen Copy number Koha item type
Dewey Decimal Classification     JCC Rouf Library JCC Rouf Library General Stacks   813/.52 CLA 1940 8832 02/04/2018 C - 1 Books

JCC Library | Contacts | JCC Home

Last Update on 23 September 2017
Copyright @ 2017-2020 JCC Rouf Library
Rouf Library, Jhenidah Cadet College (JCC), Bangladesh